Word Ladder: Bottom's Up! Quiz Stats

 Plays Quiz Updated Jan 1, 2015

Challenge
Share
Tweet
Embed
Score 0/29 Timer 04:00
1 Play Today
Clue 4-Letter Word % Correct
_____ slawCOLE
96.4%
Birthday dessertCAKE
96.4%
Microbrewery productBEER
96.1%
Classic soft drinkCOKE
95.9%
RipTEAR
94.5%
Alternative to suspendersBELT
94.3%
Volcanic outputLAVA
94.3%
Borscht veggieBEET
93.6%
DefrostMELT
93.5%
Not prerecordedLIVE
93.5%
Wall Street pessimistBEAR
91.7%
Riverbed depositSILT
91.2%
Tender-heartedSOFT
90.9%
Couch potato's spotSOFA
90.5%
Stores well in the cellarWINE
90.3%
Clue 4-Letter Word % Correct
Like Jolt or RCCOLA
90.2%
Part of a poemLINE
90%
Greet the dayWAKE
89.8%
Put through a sieveSIFT
89.4%
Cleanse with soap and waterLAVE
89.1%
Coconut fillingMILK
88%
Smooth, soft clothSILK
87.5%
Coffee, slangilyJAVA
87.4%
PopSODA
86.8%
Taper offWANE
86.6%
Pekoe and Oolong, e.g.TEAS
85.7%
Bring togetherMELD
85.3%
Salsa designationMILD
84.2%
Musical closingCODA
83.3%

Today's Daily Dose

You're not logged in!

Compare scores with friends on all Sporcle quizzes.
Join for Free
OR
Log In

You Might Also Like...

Show Comments

Extras

Top Quizzes Today


Score Distribution

Your Account Isn't Verified!

In order to create a playlist on Sporcle, you need to verify the email address you used during registration. Go to your Sporcle Settings to finish the process.

Report this User

Report this user for behavior that violates our Community Guidelines.

Details: